Statistiques concernant Harry Potter: les Mangemorts

Cliquez ici pour prendre le quiz!

Statistiques générales

  • Ce quiz a été pris 318 fois
    (299 depuis la dernière actualisation)
  • Le résultat moyen est 22 sur 39

Statistiques - réponses

InformationRéponses% Correct
FondateurVoldemort
97%
MembreBellatrix Lestrange
95%
MembreLucius Malefoy
93%
EnnemisOrdre du Phénix
87%
MembreDrago Malefoy
86%
Dernière apparitionHarry Potter et les Reliques de la Mort
85%
Première apparitionHarry Potter et la Coupe de Feu
84%
MembreSeverus Rogue
80%
Première mention (nommés adeptes de tu-sais-qui)Harry Potter à l'école des sorciers
76%
MembreAntonin Dolohov
70%
MembreCrabbe
69%
MembreGoyle
69%
MembrePeter Pettigrow
67%
MembreRodolphus Lestrange
67%
Quartier généralManoir des Malefoy
66%
Membre (sous imperium)Stan Rocade
64%
MembreBarty Croupton Jr
58%
MembreIgor Karkaroff
58%
MembreRegulus Black
57%
MembreYaxley
55%
MembreRabastan Lestrange
53%
MembreEvan Rosier
52%
MembreAlecto Carrow
50%
MembreAmycus Carrow
50%
MembreNott
46%
MembreAugustus Rookwood
45%
Quartier généralMaison des Jedusor
45%
MembreAvery
43%
MembreWalden Macnair
37%
MembreRosier
36%
MembreMulciber
35%
MembreTravers
35%
MembreThorfinn Rowle
33%
Quartier généralForêt Interdite
24%
MembreGibbon
24%
Membre (sous imperium)Pius Thicknesse
24%
Quartier généralCabane Hurlante
22%
MembreJugson
22%
MembreWilkes
20%

Distribution des résultats

Percentile par nombre de réponses

% des personnes avec chaque résultat

Votre développement - résultats

Vous n’avez pas pris ce quiz depuis la dernière actualisation